Vzdelávanie podnikateľov v oblasti nepriamych daní

Praktická pomoc absolventom neekonomických študijných programov a začínajúcim podnikateľom v rozvoji ich podnikavosti a podnikateľských schopností. Predkladaná prípadová štúdia komplexne syntetizuje informácie o prípravnom štádiu a realizačnej fáze konkrétneho podnikateľského zámeru v inovatívnom od...

Descripción completa

Guardado en:
Detalles Bibliográficos
Autor principal: Kovalev, Andrej
Formato: Capítulo de libro
Lenguaje:eslovaco
Materias:
Etiquetas: Agregar Etiqueta
Sin Etiquetas, Sea el primero en etiquetar este registro!

MARC

LEADER 00000nla a2200000 4500
001 0197154
005 20240502073328.2
041 0 |a slo 
044 |a SK 
245 1 0 |a Vzdelávanie podnikateľov v oblasti nepriamych daní  |c Andrej Kovalev 
520 |a Praktická pomoc absolventom neekonomických študijných programov a začínajúcim podnikateľom v rozvoji ich podnikavosti a podnikateľských schopností. Predkladaná prípadová štúdia komplexne syntetizuje informácie o prípravnom štádiu a realizačnej fáze konkrétneho podnikateľského zámeru v inovatívnom odvetví na Slovensku a dopad tejto činnosti na oblasť dane z pridanej hodnoty. 
610 2 0 |a zámery podnikateľské 
610 2 0 |a inovácia 
610 2 0 |a dane z hodnoty pridanej 
610 2 0 |a registrácia 
610 2 0 |a administratíva 
100 1 |a Kovalev, Andrej